000
00262nam a22001097a 4500
008
170125b xxu||||| |||| 00| 0 eng d
020
_a
9780323053594
041
_a
eng
080
_2
4th
_a
618.2
245
_a
CRITICAL THINKING CASES
_c
PREUSSER, B.A
942
_2
udc
_c
BK
999
_c
3604
_d
3604